Taylor Swift - Speak now (Taylor's version) - First lyrics quiz - Statistiques

Statistiques générales
  • Ce quiz a été pris 25 fois
  • Le résultat moyen est 17 sur 22
Statistiques - réponses
Lyrics Song % Correct
Now go stand in the corner and think about what you did Better than revenge
95%
I'm so glad you made time to see me Back to december
90%
I said, "Remember this moment" Long live
90%
I am not the kind of girl Who should be rudely bargin' in on a white veil occasion Speak now
90%
Long were the nights When my days once revolved around you Dear John
86%
There I was again tonight Enchanted
86%
I used to think one day we'd tell [title of the song] The story of us
86%
You and I walk a fragile line Haunted
81%
You were in college working part-time, waiting tables Mine
81%
You brush past me in the hallway I can see you
76%
I still remember the look on your face Last kiss
76%
You, with your words like knives Mean
76%
The way you move is like a full on rainstorm Sparks fly
71%
Down the block, there's an antique shop Timeless
71%
Once, I had an empire in a golden age Castles crumbling
67%
Just breathe, just relax, it'll be okay Electric touch
67%
I guess you really did it this time Innocent
67%
Your little hand's wrapped around my finger Never grow up
67%
[title of the song], she paces the floor Closes the blinds and locks the door When Emma falls in love
67%
My cards are on the table, yours are in your hand Foolish one
62%
Elevator buttons and morning air Ours
62%
Tall, dark, and [title of the song] Superman
62%
Aucun quiz correspondant
Distribution des résultats
% des personnes avec chaque résultat
Percentile par nombre de réponses
Votre historique - résultats
Vous n’avez pas pris ce quiz